Normal view
MARC view
- بن,ريتشارد تأليف/دونهيو,لويس م.مشارك/ثورب, روبرت م.مشارك/الجوهر ,محمد مترجم
Entry Personal Name
001 - CONTROL NUMBER
- control field: 7668
003 - CONTROL NUMBER IDENTIFIER
- control field: JO-AjAnu
005 - DATE AND TIME OF LATEST TRANSACTION
- control field: 20230606071535.0
008 - FIXED-LENGTH DATA ELEMENTS
- fixed length control field: 230606|| aca||aabn | a|a d
040 ## - CATALOGING SOURCE
- Original cataloging agency: JO-AjAnu
- Transcribing agency: JO-AjAnu
100 ## - HEADING--PERSONAL NAME
- Personal name: بن,ريتشارد تأليف/دونهيو,لويس م.مشارك/ثورب, روبرت م.مشارك/الجوهر ,محمد مترجم
670 ## - SOURCE DATA FOUND
- Source citation: Work cat.: (JO-AjAnu)3965: بن,ريتشارد تأليف/دونهيو,لويس م.مشارك/ثورب, روبرت م.مشارك/الجوهر ,محمد مترجم, author, تحليل مضمون الإعلام